[Event "Madrid Vicalvaro op"]
[Site "Madrid"]
[Date "2022.05.14"]
[Round "2"]
[White "Guillen Munoz, Francisco"]
[Black "Martin Sanchez, Fernando"]
[Result "1-0"]
[WhiteElo "1714"]
[BlackElo "1522"]
[PlyCount "77"]
[EventDate "2022.05.08"]
[EventType "swiss"]
[EventRounds "7"]
[EventCountry "ESP"]
[SourceTitle "EXT 2024"]
[Source "ChessBase"]
[SourceDate "2023.10.10"]
[SourceVersion "1"]
[SourceVersionDate "2023.10.10"]
[SourceQuality "1"]

1. g3 g6 2. c4 Nc6 3. Bg2 e5 4. Nc3 Bg7 5. e3 d6 6. a3 f5 7. Nge2 Nf6 8. 0-0 0-0 9. b3 Be6 10. d4 exd4 11. exd4 Bf7 12. Bg5 h6 13. Bc1 Re8 14. h4 Ng4 15. Bf3 h5 16. Bxg4 fxg4 17. Be3 Ne7 18. Bg5 Qd7 19. Nf4 Nf5 20. Ncd5 Re4 21. Nf6+ Bxf6 22. Bxf6 Rae8 23. Qd2 c6 24. d5 cxd5 25. Nxd5 Qc6 26. Nf4 Kh7 27. Rad1 Qc5 28. b4 Qb6 29. Nd5 Qc6 30. Ba1 R8e6 31. Qc3 R4e5 32. Rde1 Qe8 33. Rxe5 dxe5 34. Nc7 Qc6 35. Nxe6 Bxe6 36. Qxe5 Qe8 37. Re1 Qc8 38. Qxe6 Qc7 39. Qe8 1-0